[Event "Tata Steel India Rapid"]
[Site "Kolkata IND"]
[Date "2024.11.13"]
[Round "1"]
[White "Arjun Erigaisi"]
[Black "Sarin Nihal"]
[Result "1/2-1/2"]
[EventDate "2024.11.13"]
[WhiteElo "2799"]
[BlackElo "2676"]
[PlyCount "88"]

1. e4 e6 2. d3 d5 3. Qe2 Nc6 4. Nf3 dxe4 5. dxe4 e5 6. c3 Nf6 7. Qc2 Bd6 8. Bg5 h6 9. Bh4 O-O 10. Nbd2 Qe7 11. Nc4 Rd8 12. h3 g5 13. Bg3 Nh5 14. Ne3 Bc5 15. Nd5 Rxd5 16. exd5 e4 17. O-O-O Nxg3 18. fxg3 exf3 19. dxc6 f2 20. Bc4 Kg7 21. Rhf1 b5 22. Bd5 Be6 23. Bxe6 Qxe6 24. Rxf2 Be3+ 25. Kb1 Bxf2 26. Qxf2 Qxc6 27. Qd4+ Qf6 28. Qc5 c6 29. a4 Rd8 30. Rxd8 Qxd8 31. Kc2 Qa5 32. Qd4+ Kg8 33. axb5 Qxb5 34. b4 Qe2+ 35. Qd2 Qa6 36. Kb3 c5 37. Qd8+ Kg7 38. Qd5 cxb4 39. Qd4+ Kg8 40. cxb4 Qb7 41. Qd8+ Kg7 42. Qd4+ Kg8 43. Qd8+ Kg7 44. Qd4+ 1/2-1/2

[Event "Tata Steel India Rapid"]
[Site "Kolkata IND"]
[Date "2024.11.13"]
[Round "2"]
[White "Santosh Gujrathi Vidit"]
[Black "Arjun Erigaisi"]
[Result "1/2-1/2"]
[EventDate "2024.11.13"]
[WhiteElo "2739"]
[BlackElo "2799"]
[PlyCount "70"]

1. d4 Nf6 2. c4 b6 3. Nc3 Bb7 4. Qc2 Nc6 5. Nf3 Nb4 6. Qb3 e6 7. a3 Bxf3 8. exf3 Nc6 9. Be3 Ne7 10. Bd3 c6 11. O-O g6 12. d5 Bg7 13. dxc6 dxc6 14. Rfd1 Qc7 15. a4 O-O 16. a5 Rab8 17. axb6 axb6 18. Ra6 Nd7 19. Qa3 Rfe8 20. Be4 Ne5 21. Ra7 Rb7 22. Nb5 Rd8 23. Rxd8+ Qxd8 24. Ra8 Nc8 25. g3 Nxc4 26. Qd3 Qxd3 27. Rxc8+ Bf8 28. Bh6 Qd1+ 29. Kg2 Ne3+ 30. fxe3 Qe2+ 31. Kg1 Qe1+ 32. Kg2 Qe2+ 33. Kg1 Qe1+ 34. Kg2 Qe2+ 35. Kg1 1/2-1/2

[Event "Tata Steel India Rapid"]
[Site "Kolkata IND"]
[Date "2024.11.13"]
[Round "3"]
[White "Arjun Erigaisi"]
[Black "SL Narayanan"]
[Result "1/2-1/2"]
[EventDate "2024.11.13"]
[WhiteElo "2799"]
[BlackElo "2647"]
[PlyCount "134"]

1. e4 e5 2. Nf3 Nc6 3. Bb5 a6 4. Ba4 Nf6 5. O-O Be7 6. Re1 b5 7. Bb3 O-O 8. c3 d5 9. exd5 Nxd5 10. Nxe5 Nxe5 11. Rxe5 c6 12. Re1 Bd6 13. d4 Qh4 14. g3 Qh3 15. Re4 g5 16. Qf1 Qh5 17. Nd2 f5 18. Re1 f4 19. Ne4 Bh3 20. Qd3 Rae8 21. Bd2 Bf5 22. Bd1 g4 23. Bc2 Qg6 24. c4 bxc4 25. Qxc4 Rxe4 26. Qxc6 Rxd4 27. Bb3 Rxd2 28. Bxd5+ Rxd5 29. Qxd5+ Kg7 30. Rad1 Rf6 31. Qc4 Qf7 32. Qc3 Kg6 33. Rd4 Re6 34. gxf4 Be7 35. Re5 Rxe5 36. fxe5 Qxa2 37. Qc6+ Kg7 38. Qb7 Qe6 39. Qc7 Kf7 40. Rf4 h5 41. b4 Kg6 42. Rc4 Qd5 43. Rc6+ Be6 44. Rxa6 Qd1+ 45. Kg2 Qf3+ 46. Kg1 Qd1+ 47. Kg2 Kf7 48. Rxe6 Qf3+ 49. Kg1 Qd1+ 50. Kg2 Kxe6 51. Qc8+ Kxe5 52. Qh8+ Ke4 53. Qh7+ Kd4 54. Qxe7 Qf3+ 55. Kf1 Qh1+ 56. Ke2 Qf3+ 57. Ke1 Qc3+ 58. Kf1 Qc4+ 59. Qe2 Qxb4 60. Qe3+ Kd5 61. Qg5+ Ke6 62. Qg6+ Ke7 63. Qxh5 Qb1+ 64. Kg2 Qe4+ 65. Kg3 Qf3+ 66. Kh4 Qxf2+ 67. Kxg4 Qe2+ 1/2-1/2

[Event "Chennai Grand Masters"]
[Site "Chennai IND"]
[Date "2024.11.11"]
[Round "7.3"]
[White "Arjun Erigaisi"]
[Black "Vachier-Lagrave, Maxime"]
[Result "1/2-1/2"]
[EventDate "2024.11.05"]
[WhiteElo "2799"]
[BlackElo "2737"]
[PlyCount "76"]

1. d4 Nf6 2. c4 g6 3. Nc3 d5 4. Qb3 dxc4 5. Qxc4 Be6 6. Qb5+ Bd7 7. Qb3 c5 8. d5 b5 9. e4 b4 10. e5 bxc3 11. exf6 Qb6 12. Ne2 Qxf6 13. Nxc3 Bg7 14. Be2 O-O 15. O-O Bc8 16. Be3 Nd7 17. Qa3 Bb7 18. Rfd1 Rfd8 19. Rac1 Qh4 20. Bb5 Be5 21. h3 Bd6 22. Bc6 Bxc6 23. dxc6 Ne5 24. Bxc5 Nc4 25. Qa6 Bxc5 26. Rxd8+ Rxd8 27. c7 Rf8 28. Ne4 Qxe4 29. c8=Q Bxf2+ 30. Kh1 Ne3 31. Qcc6 Qd4 32. Qaa4 Qxb2 33. Qb3 Qd2 34. Qbc3 Qxa2 35. Qf3 Nf5 36. Qc2 Ng3+ 37. Kh2 Nf1+ 38. Kh1 1/2-1/2

[Event "Chennai Grand Masters"]
[Site "Chennai IND"]
[Date "2024.11.09"]
[Round "5.4"]
[White "Arjun Erigaisi"]
[Black "Parham Maghsoodloo"]
[Result "1/2-1/2"]
[EventDate "2024.11.05"]
[WhiteElo "2799"]
[BlackElo "2712"]
[PlyCount "88"]

1. d4 d5 2. c4 e6 3. Nc3 Nf6 4. Bg5 Be7 5. e3 O-O 6. Nf3 Nbd7 7. Qc2 h6 8. Bh4 dxc4 9. Bxc4 a6 10. O-O b5 11. Be2 Bb7 12. Rfd1 Rc8 13. Ne5 Nxe5 14. dxe5 Nd7 15. Bg3 Qe8 16. a4 b4 17. Ne4 b3 18. Qb1 Nc5 19. Nxc5 Bxc5 20. Qd3 Qc6 21. Bf3 Qb6 22. a5 Qb4 23. Bxb7 Qxb7 24. Qc4 Bb4 25. Qxb3 Rfd8 26. Rd4 Rxd4 27. exd4 Rd8 28. Qc4 Rd5 29. Bf4 Rxa5 30. Rc1 c5 31. Be3 cxd4 32. Bxd4 Rd5 33. h3 a5 34. Qc8+ Qxc8 35. Rxc8+ Kh7 36. Rc4 h5 37. Kf1 Kg6 38. Ke2 Kf5 39. Ke3 Rd7 40. g3 Rb7 41. Kf3 Bd2 42. Ke2 Bb4 43. Kf3 Bd2 44. Ke2 Bb4 1/2-1/2

[Event "Chennai Grand Masters"]
[Site "Chennai IND"]
[Date "2024.11.08"]
[Round "4.1"]
[White "M Amin Tabatabaei"]
[Black "Arjun Erigaisi"]
[Result "0-1"]
[EventDate "2024.11.05"]
[WhiteElo "2686"]
[BlackElo "2799"]
[PlyCount "104"]

1. e4 e5 2. Nf3 Nc6 3. Bc4 Nf6 4. d3 Bc5 5. O-O d6 6. c3 a6 7. a4 h6 8. Re1 Ba7 9. b4 g5 10. Be3 Bxe3 11. Rxe3 g4 12. Ne1 h5 13. d4 h4 14. Be2 Qe7 15. d5 Nb8 16. Nd2 Qf8 17. Nf1 Qh6 18. c4 g3 19. fxg3 hxg3 20. h3 Nbd7 21. c5 Nf8 22. cxd6 cxd6 23. Qc1 Bxh3 24. gxh3 Ng6 25. Rxg3 Nf4 26. Qe3 Nxh3+ 27. Rxh3 Qxh3 28. Qxh3 Rxh3 29. Bf3 Rc8 30. Rb1 Rc3 31. Nd2 Ke7 32. a5 Nd7 33. Kf2 Nf8 34. b5 Ng6 35. bxa6 bxa6 36. Bg2 Rh6 37. Rb7+ Kf8 38. Rb6 Nf4 39. Rxa6 Ra3 40. Ra8+ Kg7 41. a6 Ra2 42. Nf3 f5 43. Ra7+ Kf8 44. Ra8+ Kg7 45. Ra7+ Kf6 46. Bf1 fxe4 47. Bc4 Rc2 48. Rd7 Rh3 49. Ke3 exf3 50. Ne4+ Kf5 51. Nxd6+ Kg6 52. Bf1 Re2+ 0-1

[Event "Chennai Grand Masters"]
[Site "Chennai IND"]
[Date "2024.11.07"]
[Round "3.4"]
[White "Alexey Sarana"]
[Black "Arjun Erigaisi"]
[Result "0-1"]
[EventDate "2024.11.05"]
[WhiteElo "2679"]
[BlackElo "2799"]
[PlyCount "74"]

1. d4 Nf6 2. c4 e6 3. Nc3 Bb4 4. e3 b6 5. Bd3 Bb7 6. Nf3 O-O 7. O-O c5 8. Na4 cxd4 9. a3 Be7 10. exd4 Qc7 11. Re1 d5 12. c5 bxc5 13. Nxc5 Bxc5 14. dxc5 Qxc5 15. Bf4 Qb6 16. Ne5 Ba6 17. Bc2 Rc8 18. b4 Nc6 19. Rc1 Nxe5 20. Bxe5 Rc4 21. Bxf6 gxf6 22. Qh5 Kf8 23. Bb3 Rc6 24. Qxh7 Rac8 25. Rcd1 d4 26. h4 d3 27. h5 Qd4 28. Re4 Qb2 29. Ba4 Rc1 30. Qh6+ Ke7 31. Qe3 Rxd1+ 32. Bxd1 Qc1 33. Qxa7+ Rc7 34. Qxa6 Qxd1+ 35. Kh2 Qxh5+ 36. Kg3 d2 37. Rd4 Qe5+ 0-1

[Event "Chennai Grand Masters"]
[Site "Chennai IND"]
[Date "2024.11.06"]
[Round "2.2"]
[White "Arjun Erigaisi"]
[Black "Levon Aronian"]
[Result "1/2-1/2"]
[EventDate "2024.11.05"]
[WhiteElo "2799"]
[BlackElo "2739"]
[PlyCount "72"]

1. d4 Nf6 2. c4 e6 3. Nf3 b6 4. g3 Ba6 5. Qc2 c5 6. Bg2 Nc6 7. dxc5 Bxc5 8. a3 Bb7 9. O-O O-O 10. b4 Be7 11. Bb2 Rc8 12. Nbd2 h6 13. Rfd1 Qc7 14. Rac1 Rfd8 15. Ne4 Nxe4 16. Qxe4 Bf8 17. Qe3 Ne7 18. h4 Qb8 19. Bh3 Ba8 20. Kh2 Qb7 21. Rd4 Re8 22. Rf4 b5 23. Ne5 Nf5 24. Qd3 d6 25. Nf3 Ne7 26. c5 dxc5 27. Rxf7 Qd5 28. Qxd5 Bxd5 29. Ne5 cxb4 30. e4 Rxc1 31. exd5 Nxd5 32. Bxc1 Bd6 33. Rxa7 Bxe5 34. axb4 Nxb4 35. Rb7 Bd4 36. Rxb5 1/2-1/2

[Event "Chennai Grand Masters"]
[Site "Chennai IND"]
[Date "2024.11.05"]
[Round "1.3"]
[White "Santosh Gujrathi Vidit"]
[Black "Arjun Erigaisi"]
[Result "0-1"]
[EventDate "2024.11.05"]
[WhiteElo "2739"]
[BlackElo "2799"]
[PlyCount "192"]

1. e4 c5 2. Nf3 e6 3. c4 Nc6 4. d4 cxd4 5. Nxd4 Nf6 6. Nc3 Bc5 7. Nb3 Bb4 8. Bd3 O-O 9. O-O Bxc3 10. bxc3 d6 11. Ba3 Re8 12. Re1 Qc7 13. Nd4 a6 14. Nxc6 Qxc6 15. Bc2 Qxc4 16. Qxd6 e5 17. Bb3 Qxc3 18. Rac1 Qa5 19. Bb4 Qd8 20. Qxd8 Rxd8 21. Rc7 Rd7 22. Rec1 Rxc7 23. Rxc7 Be6 24. Bxe6 fxe6 25. f3 b5 26. a3 a5 27. Bc3 b4 28. axb4 axb4 29. Bxb4 Ra1+ 30. Kf2 Ra2+ 31. Kf1 Ra1+ 32. Kf2 Ra2+ 33. Kf1 Ra1+ 34. Be1 Nh5 35. g3 Nf6 36. Re7 Ra3 37. Ke2 Ra6 38. Bc3 Kf8 39. Rb7 Ra2+ 40. Bb2 Nd7 41. Ke3 Ke8 42. h4 Ra5 43. Rc7 g6 44. g4 h5 45. g5 Ra8 46. Rc6 Kf7 47. Kd3 Rb8 48. Kc2 Ra8 49. Rc7 Ke8 50. Rc6 Kf7 51. Kc3 Rb8 52. Ba3 Rb1 53. Rc7 Ke8 54. Rc8+ Kf7 55. Rd8 Nb6 56. Rf8+ Kg7 57. Rf6 Na4+ 58. Kc4 Nb6+ 59. Kc3 Na4+ 60. Kc2 Rb6 61. Bf8+ Kh7 62. Bh6 Rb2+ 63. Kd3 Rb7 64. Bf8 Nb2+ 65. Ke2 Rb6 66. Bh6 Rc6 67. Rf7+ Kh8 68. Rf8+ Kh7 69. Rf7+ Kh8 70. Rg7 Rc2+ 71. Ke3 Rc3+ 72. Kd2 Rxf3 73. Rxg6 Nc4+ 74. Kd1 Rf4 75. Rxe6 Ne3+ 76. Kd2 Ng4 77. Kd3 Kg8 78. Re8+ Kh7 79. Re7+ Kg8 80. Re8+ Kh7 81. Bf8 Nf2+ 82. Kc4 Rxe4+ 83. Kd5 Rxh4 84. Be7 Rg4 85. Ke6 Ne4 86. Kf5 Ng3+ 87. Kxe5 Kg6 88. Ke6 Re4+ 89. Kd7 Nf5 90. Bd8 Rxe8 91. Kxe8 h4 92. Kd7 h3 93. Bc7 Kxg5 94. Ke6 Kg4 95. Bh2 Ng3 96. Kf6 Kf3 0-1

[Event "39th ECC Open 2024"]
[Site "Vrnjacka Banja SRB"]
[Date "2024.10.26"]
[Round "7.2"]
[White "Vasyl Ivanchuk"]
[Black "Arjun Erigaisi"]
[Result "1/2-1/2"]
[EventDate "2024.10.20"]
[WhiteElo "2632"]
[BlackElo "2797"]
[PlyCount "62"]
[WhiteTeam "C'Chartres Echecs"]
[BlackTeam "Alkaloid"]

1. e4 e5 2. Nf3 Nc6 3. Bb5 f5 4. Nc3 fxe4 5. Nxe4 d5 6. Nxe5 dxe4 7. Nxc6 Qg5 8. Qe2 Nf6 9. f4 Qxf4 10. d4 Qd6 11. Ne5+ c6 12. Bc4 Be6 13. c3 Be7 14. Bg5 O-O 15. O-O Rae8 16. Rae1 c5 17. d5 Nxd5 18. Rxf8+ Kxf8 19. Bxe7+ Rxe7 20. Qxe4 Nf6 21. Qf4 Ke8 22. Qf1 a6 23. a4 Bd5 24. Bxd5 Qxd5 25. Nc4 Rxe1 26. Qxe1+ Kf7 27. Qe2 b5 28. axb5 axb5 29. Ne5+ Kf8 30. h3 b4 31. Qe3 bxc3 1/2-1/2

[Event "39th ECC Open 2024"]
[Site "Vrnjacka Banja SRB"]
[Date "2024.10.24"]
[Round "5.1"]
[White "Arjun Erigaisi"]
[Black "Dmitry Andreikin"]
[Result "1-0"]
[EventDate "2024.10.20"]
[WhiteElo "2797"]
[BlackElo "2729"]
[PlyCount "96"]
[WhiteTeam "Alkaloid"]
[BlackTeam "Turkish Airlines"]

1. e4 c6 2. d4 d5 3. e5 c5 4. dxc5 e6 5. a3 Bxc5 6. Nf3 f6 7. b4 Be7 8. Bb2 a5 9. b5 Nd7 10. Bd3 Nh6 11. Qe2 O-O 12. c4 Nf7 13. cxd5 Ndxe5 14. Nxe5 Nxe5 15. Bxe5 fxe5 16. Nc3 exd5 17. Nxd5 Bc5 18. O-O Be6 19. Ne3 Bd4 20. Qh5 g6 21. Bxg6 Qe7 22. Be4 Rf4 23. Bd5 Raf8 24. Rae1 Kh8 25. g3 R4f6 26. Bxe6 Qxe6 27. Re2 b6 28. Nc2 Bb2 29. Qh4 Qd5 30. a4 Rf4 31. Qh6 Qc4 32. Qh5 R8f5 33. Ne3 Rxh5 34. Nxc4 Rxc4 35. Rxb2 Rxa4 36. Rc2 e4 37. Rd1 Rxb5 38. Rc7 Rg5 39. h4 Rg4 40. Rd8+ Rg8 41. Rdd7 Rg4 42. Rxh7+ Kg8 43. Rhd7 Kh8 44. Kg2 Rb4 45. Kh3 Rg6 46. h5 Rg5 47. h6 Rb1 48. h7 1-0

[Event "39th ECC Open 2024"]
[Site "Vrnjacka Banja SRB"]
[Date "2024.10.23"]
[Round "4.2"]
[White "Arjun Erigaisi"]
[Black "Alexandr Predke"]
[Result "1/2-1/2"]
[EventDate "2024.10.20"]
[WhiteElo "2797"]
[BlackElo "2677"]
[PlyCount "94"]
[WhiteTeam "Alkaloid"]
[BlackTeam "TAJFUN-SK Ljubljana"]

1. e4 e5 2. Nf3 Nc6 3. Bb5 a6 4. Ba4 Nf6 5. O-O d6 6. Re1 g6 7. Bxc6+ bxc6 8. d4 Nd7 9. dxe5 dxe5 10. Nbd2 f6 11. Nb3 Nc5 12. Qe2 a5 13. Nxc5 Bxc5 14. Qc4 Qd6 15. Bd2 Bb6 16. Be3 c5 17. Bh6 Be6 18. Qa4+ Kf7 19. Red1 Qe7 20. c4 Rhd8 21. Be3 Rxd1+ 22. Rxd1 Rd8 23. Rxd8 Qxd8 24. Qc2 Bg4 25. Nd2 Be2 26. g3 Qd3 27. Qa4 g5 28. h3 h5 29. Qc6 g4 30. h4 Qd8 31. b3 Qe8 32. Qb7 Qd8 33. Kh2 Bd3 34. a3 Bc2 35. b4 axb4 36. axb4 Qd6 37. Qa6 Bd3 38. Qa4 cxb4 39. c5 Bxc5 40. Qb3+ Ke7 41. Bxc5 Qxc5 42. Qxd3 Qxf2+ 43. Kh1 c5 44. Nb3 c4 45. Qxc4 Qf3+ 46. Kh2 Qf2+ 47. Kh1 Qf3+ 1/2-1/2

[Event "39th ECC Open 2024"]
[Site "Vrnjacka Banja SRB"]
[Date "2024.10.21"]
[Round "2.2"]
[White "Arjun Erigaisi"]
[Black "Filip Haring"]
[Result "1-0"]
[EventDate "2024.10.20"]
[WhiteElo "2797"]
[BlackElo "2486"]
[PlyCount "70"]
[WhiteTeam "Alkaloid"]
[BlackTeam "SK K CERO INVEST Nitra"]

1. d4 Nf6 2. Bg5 d5 3. e3 g6 4. Nd2 Bg7 5. c3 O-O 6. h3 c5 7. Ngf3 Qb6 8. Qb3 Nc6 9. Be2 Nd7 10. O-O Qxb3 11. axb3 e5 12. dxe5 h6 13. Bf4 g5 14. e6 fxe6 15. Bd6 Rd8 16. Bb5 a6 17. e4 Ra7 18. Bxc6 bxc6 19. Rfe1 Rb7 20. Rxa6 Nb8 21. Bxb8 Rxb8 22. Rxc6 Bf8 23. exd5 exd5 24. Ra1 Bd7 25. Rg6+ Kh7 26. Ne5 Rb7 27. Rga6 Be8 28. Ra7 Rb8 29. R1a5 Bd6 30. Ng4 Be7 31. R5a6 h5 32. Ne3 Bf7 33. Nf5 Bf8 34. Nf3 Rxa7 35. Nxg5+ 1-0

[Event "39th ECC Open 2024"]
[Site "Vrnjacka Banja SRB"]
[Date "2024.10.20"]
[Round "1.2"]
[White "Tom Wedberg"]
[Black "Arjun Erigaisi"]
[Result "0-1"]
[EventDate "2024.10.20"]
[WhiteElo "2375"]
[BlackElo "2797"]
[PlyCount "68"]
[WhiteTeam "Wasa SK"]
[BlackTeam "Alkaloid"]

1. e4 e5 2. Nf3 Nc6 3. Bb5 a6 4. Ba4 d6 5. c4 Bg4 6. h3 Bxf3 7. Qxf3 Nf6 8. Nc3 Nd7 9. Bxc6 bxc6 10. O-O g6 11. d3 Bg7 12. Bd2 Nc5 13. b4 Ne6 14. a4 O-O 15. Rab1 Qd7 16. Qd1 f5 17. Ne2 f4 18. f3 g5 19. b5 axb5 20. cxb5 cxb5 21. axb5 h5 22. Nc3 Kh7 23. Be1 Rg8 24. Bf2 Bh8 25. b6 c6 26. Ra1 Nd4 27. Bxd4 exd4 28. Ne2 Be5 29. Qb3 Rgb8 30. Rfb1 g4 31. hxg4 hxg4 32. fxg4 d5 33. exd5 Qxg4 34. dxc6 Rg8 0-1

[Event "WR Chess Masters Cup"]
[Site "London ENG"]
[Date "2024.10.17"]
[Round "4.2"]
[White "Arjun Erigaisi"]
[Black "Vachier-Lagrave, Maxime"]
[Result "1/2-1/2"]
[EventDate "2024.10.14"]
[WhiteElo "2797"]
[BlackElo "2735"]
[PlyCount "76"]

1. e4 c5 2. Nf3 d6 3. d4 cxd4 4. Nxd4 Nf6 5. Nc3 a6 6. Be2 e5 7. Nb3 Be7 8. h4 Be6 9. f4 g6 10. fxe5 Nfd7 11. exd6 Bxh4+ 12. Kf1 Qf6+ 13. Bf3 Bg3 14. e5 Qxe5 15. Ne4 Nc6 16. Nxg3 Qxg3 17. Bxc6 bxc6 18. Qd4 f6 19. Bf4 Qg4 20. Bd2 Ne5 21. Qxg4 Bxg4 22. Ba5 Rb8 23. Kf2 h5 24. Rhe1 Kd7 25. Bc7 Rb5 26. Re3 h4 27. Kg1 h3 28. gxh3 Bxh3 29. Rd1 Be6 30. a4 Rxb3 31. cxb3 Bd5 32. Rd4 g5 33. Kf1 Rh1+ 34. Ke2 Rh2+ 35. Kd1 Bf3+ 36. Kc1 c5 37. Rc4 Nxc4 38. bxc4 Bg4 1/2-1/2

[Event "WR Chess Masters Cup"]
[Site "London ENG"]
[Date "2024.10.17"]
[Round "4.3"]
[White "Vachier-Lagrave, Maxime"]
[Black "Arjun Erigaisi"]
[Result "0-1"]
[EventDate "2024.10.14"]
[WhiteElo "2735"]
[BlackElo "2797"]
[PlyCount "138"]

1. e4 e5 2. Nf3 Nf6 3. Nxe5 d6 4. Nf3 Nxe4 5. d4 d5 6. Bd3 Bd6 7. O-O O-O 8. c4 c6 9. Nc3 Nxc3 10. bxc3 dxc4 11. Bxc4 Bf5 12. Bg5 Qa5 13. Nh4 Be6 14. Bxe6 Qxg5 15. Nf3 Qa5 16. Bh3 Qxc3 17. Rb1 b6 18. Qe2 Qa5 19. d5 cxd5 20. Ng5 h6 21. Nxf7 Rxf7 22. Be6 Nc6 23. Bxf7+ Kxf7 24. Rb5 Qc3 25. Qh5+ Kf8 26. Rxd5 Rd8 27. Rfd1 Ne7 28. Rb5 Bc7 29. Rb3 Rxd1+ 30. Qxd1 Qe5 31. g3 Kg8 32. Re3 Qc5 33. Qb3+ Kh8 34. Qe6 Nf5 35. Rf3 Ne7 36. Rf8+ Kh7 37. Qe4+ Ng6 38. Re8 Be5 39. Re6 Bf6 40. h4 Qd4 41. Qf5 Qc5 42. Qb1 Qd5 43. Re1 h5 44. Rd1 Qe6 45. Qd3 Qg4 46. Kf1 Kh6 47. Qd2+ Kh7 48. Qc2 Kh6 49. Rd5 Ne5 50. Qd2+ Kh7 51. Qc2+ Kh6 52. Rd6 Qc4+ 53. Qxc4 Nxc4 54. Rc6 Nd2+ 55. Ke1 Ne4 56. Rc4 Nc3 57. a3 b5 58. Rc6 a5 59. f3 Kh7 60. Rc5 b4 61. axb4 axb4 62. Kd2 Kg6 63. Kd3 Nd1 64. Rb5 Bc3 65. Ke2 Nb2 66. g4 hxg4 67. fxg4 Nc4 68. Kf3 b3 69. Ke4 Nd6+ 0-1

[Event "WR Chess Masters Cup"]
[Site "London ENG"]
[Date "2024.10.15"]
[Round "2.1"]
[White "Santosh Gujrathi Vidit"]
[Black "Arjun Erigaisi"]
[Result "1/2-1/2"]
[EventDate "2024.10.14"]
[WhiteElo "2726"]
[BlackElo "2797"]
[PlyCount "106"]

1. e4 e6 2. d4 d5 3. Nc3 Nf6 4. e5 Nfd7 5. f4 c5 6. Nf3 Nc6 7. Be3 h6 8. Qd2 g5 9. dxc5 gxf4 10. Bxf4 Nxc5 11. Bd3 Qb6 12. O-O-O Bd7 13. Be3 Qa5 14. Kb1 O-O-O 15. Bb5 Be8 16. a3 Nd7 17. Rhe1 a6 18. Bxc6 bxc6 19. Bf2 Kb7 20. Nd4 Qc7 21. Nb3 Rg8 22. g3 Rc8 23. Re2 Rg6 24. Qf4 c5 25. h4 h5 26. Rde1 Nb6 27. Qf3 Rg4 28. Be3 Nc4 29. Bf4 Bc6 30. Qd3 Nxa3+ 31. bxa3 c4 32. Qd4 cxb3 33. cxb3 Bxa3 34. Ra2 Be7 35. Rc1 Bd7 36. Qd3 Qb6 37. Qh7 Bb4 38. Ne2 Rgg8 39. Qxf7 Qb5 40. Nd4 Qd3+ 41. Rac2 Rgd8 42. Bg5 Ka8 43. Bxd8 Rxd8 44. Nxe6 Qxb3+ 45. Rb2 Qd3+ 46. Rcc2 Rc8 47. Qxd7 Rxc2 48. Rxc2 Qb3+ 49. Rb2 Qd3+ 50. Ka1 Qa3+ 51. Kb1 Qd3+ 52. Rc2 Qb3+ 53. Rb2 Qd3+ 1/2-1/2

[Event "TechM Global Chess League"]
[Site "London ENG"]
[Date "2024.10.11"]
[Round "10.1"]
[White "Santosh Gujrathi Vidit"]
[Black "Arjun Erigaisi"]
[Result "1/2-1/2"]
[EventDate "2024.10.03"]
[WhiteElo "2674"]
[BlackElo "2698"]
[PlyCount "82"]

1. Nf3 Nf6 2. c4 e6 3. g3 d5 4. d4 Be7 5. Bg2 O-O 6. O-O dxc4 7. Qc2 c6 8. Qxc4 b5 9. Qd3 Nbd7 10. Be3 a5 11. Rc1 b4 12. Rxc6 Bb7 13. Rc1 Ba6 14. Qd1 Nd5 15. Bd2 Qb6 16. e4 N5f6 17. Bg5 h6 18. Bxf6 Nxf6 19. Nbd2 Rfd8 20. a4 bxa3 21. bxa3 Rac8 22. Bf1 Bb7 23. Bd3 Nd7 24. Nc4 Qa7 25. Qe2 Ba6 26. Rc2 a4 27. Kg2 Rb8 28. Rb2 Rxb2 29. Nxb2 Bb7 30. Nc4 Nb8 31. Nce5 Bf6 32. Rb1 Nc6 33. Nxc6 Bxc6 34. Qc2 Be8 35. Bb5 Bxb5 36. Rxb5 Bxd4 37. Rb4 Bc5 38. Rxa4 Qb6 39. h4 Qb5 40. Rc4 Bxa3 41. Rc8 1/2-1/2

[Event "TechM Global Chess League"]
[Site "London ENG"]
[Date "2024.10.10"]
[Round "9.2"]
[White "R Praggnanandhaa"]
[Black "Arjun Erigaisi"]
[Result "1/2-1/2"]
[EventDate "2024.10.03"]
[WhiteElo "2668"]
[BlackElo "2698"]
[PlyCount "64"]

1. c4 e5 2. Nc3 Nc6 3. Nf3 f5 4. g3 Bc5 5. Nxe5 Bxf2+ 6. Kxf2 Nxe5 7. d4 Nxc4 8. e4 d5 9. Nxd5 Nd6 10. Bg2 c6 11. Nc3 fxe4 12. Qh5+ Nf7 13. Re1 Ne7 14. Bxe4 g6 15. Qc5 O-O 16. Kg1 Nf5 17. Bxf5 Bxf5 18. Bf4 Re8 19. d5 Qb6 20. Qxb6 axb6 21. dxc6 bxc6 22. a4 Kf8 23. Bc7 Ra6 24. b4 Ng5 25. Rxe8+ Kxe8 26. Rd1 Ne6 27. Be5 Ra7 28. Rd6 Nd8 29. Bd4 Rb7 30. Bf6 Rd7 31. Rxd7 Kxd7 32. Kf2 1/2-1/2

[Event "TechM Global Chess League"]
[Site "London ENG"]
[Date "2024.10.09"]
[Round "8.2"]
[White "Arjun Erigaisi"]
[Black "Yi Wei"]
[Result "1-0"]
[EventDate "2024.10.03"]
[WhiteElo "2797"]
[BlackElo "2763"]
[PlyCount "172"]

1. d4 Nf6 2. c4 e6 3. Nf3 d5 4. cxd5 exd5 5. Nc3 c6 6. Bf4 Bf5 7. e3 Nbd7 8. h3 Qb6 9. Bd3 Bxd3 10. Qxd3 Be7 11. O-O O-O 12. Na4 Qb4 13. Qc2 a5 14. Rfc1 Rfe8 15. Rab1 Qc4 16. Qd1 Qa6 17. Ne1 Ne4 18. Nd3 Bd6 19. Bxd6 Nxd6 20. Nac5 Nxc5 21. Nxc5 Qb6 22. a4 Ne4 23. Nd3 Qc7 24. Rc2 Nd6 25. b3 Qe7 26. Qe1 Ra7 27. Rc5 Qd8 28. Rb2 Ne4 29. Rc1 Nd6 30. Re2 Qb6 31. Rb1 Qc7 32. Ne5 Raa8 33. Rc2 f6 34. Nd3 Ra7 35. Re2 Re7 36. Qc3 Ne4 37. Qb2 Nd6 38. Rbe1 Ra8 39. Rc1 Qb6 40. Qc2 Rae8 41. Qd1 Nf5 42. Rb2 Nd6 43. h4 g6 44. h5 Kg7 45. Qg4 Qd8 46. Nc5 Ne4 47. b4 axb4 48. Rxb4 Nxc5 49. Rxc5 Qd7 50. Qf3 g5 51. a5 Re4 52. Rb6 Qc7 53. g3 R8e6 54. Kg2 Rd6 55. Rc1 Re7 56. Qf5 Qd8 57. Rcb1 Qd7 58. h6+ Kg8 59. Qxd7 Rdxd7 60. a6 bxa6 61. Rxc6 Ra7 62. Rxf6 Re8 63. Rf5 a5 64. Rxg5+ Kf8 65. Rxd5 a4 66. Ra1 a3 67. Ra2 Kf7 68. Rb5 Re6 69. Rb3 Rea6 70. f4 Kg6 71. Kf3 Kxh6 72. g4 Kg7 73. e4 Rh6 74. Kg3 Rha6 75. f5 Ra4 76. Kf4 h6 77. Rd3 Kf7 78. g5 hxg5+ 79. Kxg5 Ra8 80. Kf4 Ke7 81. e5 Kf7 82. Ke4 Ke7 83. Rh3 Kd7 84. f6 Ke6 85. Rh7 R8a7 86. Rxa3 1-0

[Event "TechM Global Chess League"]
[Site "London ENG"]
[Date "2024.10.08"]
[Round "7.3"]
[White "Arjun Erigaisi"]
[Black "Nodirbek Abdusattorov"]
[Result "1/2-1/2"]
[EventDate "2024.10.03"]
[WhiteElo "2698"]
[BlackElo "2722"]
[PlyCount "234"]

1. e4 Nf6 2. e5 Nd5 3. d4 d6 4. c4 Nb6 5. f4 dxe5 6. fxe5 c5 7. d5 g6 8. Nc3 Bg7 9. Bf4 O-O 10. Bd3 e6 11. d6 Nc6 12. Nf3 f6 13. Ne4 Nd7 14. O-O f5 15. Bg5 Qe8 16. Nf6+ Nxf6 17. exf6 Bxf6 18. Bxf6 Rxf6 19. Bc2 Bd7 20. Re1 Rd8 21. Qd2 e5 22. Nxe5 Nxe5 23. Qd5+ Qe6 24. Rxe5 Qxd5 25. cxd5 Rxd6 26. Rae1 Kf8 27. Kf2 Bb5 28. Re7 R8d7 29. Re8+ Kf7 30. Rc8 c4 31. b3 Rxd5 32. bxc4 Rd2+ 33. Re2 Bc6 34. g3 Rxe2+ 35. Kxe2 Ke6 36. Ke3 Ke5 37. Re8+ Kf6 38. Ra8 Re7+ 39. Kd2 a6 40. Bd3 Kg5 41. Be2 Re5 42. Rh8 Kh6 43. Bd1 g5 44. Bc2 Kg7 45. Rc8 f4 46. Rc7+ Kf6 47. gxf4 gxf4 48. Rxh7 f3 49. Bd3 Ra5 50. Bb1 Re5 51. Bd3 Ra5 52. Bb1 Rg5 53. Rh6+ Ke5 54. Ke3 Rg1 55. Rh5+ Kf6 56. Bd3 Re1+ 57. Kd4 Rd1 58. Rf5+ Ke6 59. Rf8 Rd2 60. h4 Rxa2 61. Be4 Bxe4 62. Kxe4 Ra4 63. Kd3 Ra3+ 64. Kd4 Kd6 65. h5 Ra5 66. Rf6+ Kc7 67. h6 Rh5 68. Ke3 Rh3 69. Rxf3 Rxh6 70. Kd4 Rh4+ 71. Kc3 Rh5 72. Rf6 Kb8 73. Kb4 Ka7 74. Re6 Rh4 75. Kc3 Rh3+ 76. Kb4 Rh1 77. Rf6 Re1 78. Kc3 Re5 79. Kb4 Kb8 80. Rf7 Re6 81. Rg7 Rc6 82. Rf7 Rd6 83. Rg7 Kc8 84. Rg8+ Kc7 85. Rg7+ Kc6 86. Rg8 Re6 87. Rc8+ Kb6 88. Rg8 a5+ 89. Kc3 Ka6 90. Ra8+ Kb6 91. Kd4 Re1 92. Rg8 Rd1+ 93. Kc3 Rc1+ 94. Kb3 Rb1+ 95. Kc3 Ka7 96. Rg5 Ka6 97. Rg6+ b6 98. Rg8 Rc1+ 99. Kb3 Kb7 100. Rg7+ Ka6 101. Rg8 Rf1 102. Kc3 Rf3+ 103. Kd4 Rf7 104. Kd5 Rc7 105. Kd4 Kb7 106. Kd3 Re7 107. Kd4 Kc6 108. Rg6+ Kb7 109. c5 bxc5+ 110. Kxc5 Re5+ 111. Kc4 Rf5 112. Kb3 Rf4 113. Ka3 Rb4 114. Rh6 Rb6 115. Rxb6+ Kxb6 116. Ka4 Ka6 117. Ka3 1/2-1/2

[Event "TechM Global Chess League"]
[Site "London ENG"]
[Date "2024.10.07"]
[Round "6.3"]
[White "Arjun Erigaisi"]
[Black "Jan-Krzysztof Duda"]
[Result "1/2-1/2"]
[EventDate "2024.10.03"]
[WhiteElo "2698"]
[BlackElo "2745"]
[PlyCount "130"]

1. e4 c6 2. d4 d5 3. e5 Bf5 4. h4 h5 5. Bd3 Bxd3 6. Qxd3 Qa5+ 7. Nd2 e6 8. Nf3 Nh6 9. O-O Nf5 10. a4 Be7 11. g3 O-O 12. Nb3 Qa6 13. Qd1 Nd7 14. Bg5 Rfe8 15. Bxe7 Rxe7 16. c3 Rc8 17. Kg2 g6 18. Re1 c5 19. dxc5 Nxc5 20. Nbd4 Nxd4 21. Nxd4 Qd3 22. Qc1 Ne4 23. Rd1 Qc4 24. f3 Nc5 25. Qg5 Kf8 26. Ra3 a6 27. Rd2 Ke8 28. a5 Nd7 29. Qe3 Kd8 30. Qg5 Ke8 31. Kg1 Nb8 32. Rb3 Nc6 33. Qf6 b5 34. Nxc6 Rxc6 35. Rb4 Qa2 36. Rbd4 Rec7 37. Qh8+ Ke7 38. Rf4 Rc4 39. Rf6 Qb1+ 40. Kg2 Qe1 41. Qg8 Qxe5 42. Rxf7+ Kd6 43. Qd8+ Kc6 44. Qa8+ Kd6 45. Rxc7 Kxc7 46. Qa7+ Kd8 47. Qxa6 g5 48. Qb6+ Ke7 49. hxg5 h4 50. Qa7+ Kf8 51. Qf2 Qxg5 52. Re2 hxg3 53. Qxg3 Qxg3+ 54. Kxg3 Ke7 55. Rh2 Ra4 56. b4 d4 57. cxd4 Rxb4 58. Ra2 Rxd4 59. a6 Rd8 60. Kf4 b4 61. a7 Ra8 62. Ke5 b3 63. Rh2 Kd7 64. Rb2 Rxa7 65. Rxb3 Ra5+ 1/2-1/2